000 00858cam a22002173a 4500
001 14092
003 PGUSA
005 20140828083313.0
008 041119s2004||||xxu|||||s|||||000 | eng d
040 _aPGUSA
_beng
042 _adc
050 4 _aT
245 1 4 _aThe World's Fair :
_bOr, Children's prize gift book of the Great Exhibition of 1851 : describing the beautiful inventions and manufactures exhibited therein : with pretty stories about the people who have made and sent them : and how they live when at home.
_h[electronic resource] /
_cAnonymous
260 _bProject Gutenberg,
_c2004
506 _aPublic domain in the USA.
516 _aElectronic text
653 _aGreat Exhibition (1851 : London, England) -- Juvenile literature
830 0 _aProject Gutenberg
_v14092
856 4 0 _uhttp://www.gutenberg.org/ebooks/14092
942 _cEB
999 _c243347
_d243347